000 03102nas a22005897a 4500
003 CHAP
005 20220329143427.0
008 001017 r pernn 0 b1Eng d
010 _a96427
011 _a97399
022 _a0140-1963
035 _a108067
040 _cCHAP
245 0 0 _aJournal of Arid Environment
260 0 _aOrlando, Fl:
_bElsevier
_c19-
300 _av.
310 _amensual
362 _av.73 n.2,2009
590 _aBATCH-UPD
_b10
_c20130110
_lUCH01
_h0812
590 _aBATCH-UPD
_b10
_c20130410
_lUCH01
_h0449
590 _aBATCH-UPD
_b10
_c20130914
_lUCH01
_h2000
590 _aCONVERSION
_b10
_c20130109
_lUCH01
_h1353
650 0 4 _aRegiones áridas
_xPublicaciones periódicas.
_995688
852 2 _yISSUE
_d2012-12-17
_503
852 2 _yISSUE
_d2012-12-17
_503
852 2 _yISSUE
_d2012-12-17
_503
852 2 _yISSUE
_d2012-12-17
_503
852 2 _yISSUE
_d2012-12-17
_503
852 2 _yISSUE
_d2012-12-17
_503
852 2 _yISSUE
_d2012-12-17
_503
852 2 _yISSUE
_d2012-12-17
_503
852 2 _yISSUE
_d2012-12-17
_503
852 2 _yISSUE
_d2012-12-17
_503
852 2 _yISSUE
_d2012-12-17
_503
852 2 _yISSUE
_d2012-12-17
_503
866 _av. 73 n. 1 (January 2009) - v. 73 n. 12 (December 2009)
901 _aSE
905 _aAraceli Hernández Gómez.
942 _cISSUE
949 _bBC
_cPS
_d203167
_ePS
_fv. 73 n. 1 ( January 2009)
_i108067
_j73
_sn
949 _bBC
_cPS
_d203168
_ePS
_fv. 73 n. 2 ( February 2009)
_i108067
_j73
_sn
949 _bBC
_cPS
_d203169
_ePS
_fv. 73 n. 3 ( March 2009)
_i108067
_j73
_sn
949 _bBC
_cPS
_d203170
_ePS
_fv. 73 n. 4 ( April 2009)
_i108067
_j73
_sn
949 _bBC
_cPS
_d203171
_ePS
_fv. 73 n. 5 ( May 2009)
_i108067
_j73
_sn
949 _bBC
_cPS
_d203172
_ePS
_fv. 73 n. 6 ( June 2009)
_i108067
_j73
_sn
949 _bBC
_cPS
_d203173
_ePS
_fv. 73 n. 7 ( July 2009)
_i108067
_j73
_sn
949 _bBC
_cPS
_d203262
_ePS
_fv. 73 n. 8 ( August 2009)
_i108067
_j73
_sn
949 _bBC
_cPS
_d203468
_ePS
_fv. 73 n. 9 ( September 2009)
_i108067
_j73
_sn
949 _bBC
_cPS
_d203469
_ePS
_fv. 73 n. 10 ( October 2009)
_i108067
_j73
_sn
949 _bBC
_cPS
_d203981
_ePS
_fv. 73 n. 12 ( December 2009)
_i108067
_j73
_sn
949 _bBC
_cPS
_d204900
_ePS
_fv. 73 n. 11 ( November 2009)
_i108067
_j73
_sn
999 _c96427
_d96427